000 00396nam a22001697a 4500
003 OSt
005 20220405152339.0
008 220405b |||||||| |||| 00| 0 eng d
020 _a9789380663319
040 _cHU
082 _a530.41
100 _aAaychaudhuri Arunkumar
_935204
245 _aBasic Solid State Physics
260 _aKolkata
_bKolkata
300 _f488
942 _2ddc
_cBOOKS
_n0
999 _c34379
_d34379